Fabio Herrera, serigrafías, 1991 = (Record no. 919)

MARC details
000 -LEADER
campo de control de longitud fija 01260cam a2200337 a 4500
001 - NÚMERO DE CONTROL
campo de control 3933247
005 - FECHA Y HORA DE LA ÚLTIMA TRANSACCIÓN
campo de control 20220326193347.0
008 - DATOS DE LONGITUD FIJA--INFORMACIÓN GENERAL
campo de control de longitud fija 920806s1991 cr a bc 000 0 spa
020 ## - NÚMERO INTERNACIONAL ESTÁNDAR DEL LIBRO
Número Internacional Estándar del Libro 9977968063
040 ## - FUENTE DE CATALOGACIÓN
Centro catalogador/agencia de origen DLC
Centro/agencia transcriptor DLC
Centro/agencia modificador DLC
041 0# - CÓDIGO DE IDIOMA
Código de lengua del texto/banda sonora o título independiente spaeng
082 04 - NÚMERO DE LA CLASIFICACIÓN DECIMAL DEWEY
Número de clasificación 764.807.4
Número de ítem A565s
100 1# - ENTRADA PRINCIPAL--NOMBRE DE PERSONA
Nombre de persona Herrera, Fabio,
Fechas asociadas al nombre 1954-
9 (RLIN) 4963
245 10 - MENCIÓN DEL TÍTULO
Título Fabio Herrera, serigrafías, 1991 =
Resto del título Fabio Herrera's screen prints, 1991.
250 ## - MENCION DE EDICION
Mención de edición 1. ed.
260 ## - PUBLICACIÓN, DISTRIBUCIÓN, ETC.
Lugar de publicación, distribución, etc. San José, Costa Rica :
Nombre del editor, distribuidor, etc. Premia Editores,
Fecha de publicación, distribución, etc. 1991.
300 ## - DESCRIPCIÓN FÍSICA
Extensión [46] p. :
Otras características físicas ill. (some col.) ;
Dimensiones 28 cm.
490 1# - MENCIÓN DE SERIE
Mención de serie Andrómeda
500 ## - NOTA GENERAL
Nota general Exhibition held at Galería Andrómeda.
504 ## - NOTA DE BIBLIOGRAFÍA, ETC.
Nota de bibliografía, etc. Includes bibliographical references (p. [46]).
600 10 - PUNTO DE ACCESO ADICIONAL DE MATERIA--NOMBRE DE PERSONA
Nombre de persona Herrera, Fabio,
Fechas asociadas al nombre 1954-
Subdivisión general Exhibitions.
9 (RLIN) 5041
653 10 - TÉRMINO DE INDIZACIÓN--NO CONTROLADO
Término no controlado Serigrafrías
653 10 - TÉRMINO DE INDIZACIÓN--NO CONTROLADO
Término no controlado Arte - Costa Rica
653 10 - TÉRMINO DE INDIZACIÓN--NO CONTROLADO
Término no controlado Arte moderno
653 10 - TÉRMINO DE INDIZACIÓN--NO CONTROLADO
Término no controlado Artistas costarricenses
710 2# - ENTRADA AGREGADA--NOMBRE DE ENTIDAD CORPORATIVA
Nombre de entidad corporativa o nombre de jurisdicción como elemento de entrada Galería Andrómeda (San José, Costa Rica)
9 (RLIN) 5042
740 0# - ENTRADA AGREGADA--TÍTULO RELACIONADO/ANALÍTICO NO CONTROLADO
Título relacionado o analítico no controlado Fabio Herrera's screen prints.
830 #0 - PUNTO DE ACCESO ADICIONAL DE SERIE-TÍTULO UNIFORME
Título uniforme Andrómeda (San José, Costa Rica)
9 (RLIN) 4967
906 ## - ELEMENTOS DE DATOS F LOCAL, LDF (RLIN)
a 7
b cbc
c orignew
d 2
e ncip
f 19
g y-gencatlg
Holdings
Estatus retirado Estado de pérdida Fuente del sistema de clasificación o colocación Estado de daño No para préstamo Biblioteca de origen Biblioteca actual Ubicación en estantería Fecha de adquisición Total de préstamos Signatura topográfica completa Código de barras Visto por última vez Precio de reemplazo Tipo de ítem Koha
    Clasificación Decimal Dewey     Biblioteca LadoV Biblioteca LadoV   28/05/2016   764.807.4 A565s 000836 28/05/2016 28/05/2016 Material 01